Jednoduchá spoločnosť na akcie – praktické uplatnenie v Slovenskej republike diplomová práca

Enregistré dans:
Détails bibliographiques
Auteur principal: Janotka, Peter
Collectivité auteur: Obchodná fakulta EU. Katedra obchodného práva
Autres auteurs: Veterníková, Mária, 1964-
Format: Livre
Langue:slovaque
Publié: Bratislava 2022
Tags: Ajouter un tag
Pas de tags, Soyez le premier à ajouter un tag!

MARC

LEADER 00000nbm a2200000 4500
001 0284321
005 20221212121911.2
041 0 |a slo 
044 |a SK 
245 1 0 |a Jednoduchá spoločnosť na akcie – praktické uplatnenie v Slovenskej republike  |b diplomová práca  |c Peter Janotka ; školiteľ: Mária Veterníková 
264 1 |a Bratislava  |c 2022 
300 |a 53 s. 
100 1 |a Janotka, Peter 
700 1 |a Veterníková, Mária, 1964- 
710 2 |a Obchodná fakulta EU. Katedra obchodného práva